Acquisti più costosi - Ligue 1 - Statistics

Statistiche generali
  • Questo quiz è stato fatto 28 volte
  • Il punteggio medio è 13 su 21
Statistiche sulle risposte
Costo (M €) Da A Nazione Anno Calciatore % Corretto
64,50 Napoli Paris-Saint Germain Uruguay 2013 Edinson Cavani
100%
222 Barcellona Paris-Saint Germain Brasile 2017 Neymar
100%
68 Inter Paris-Saint Germain Marocco 2021 Achraf Hakimi
96%
180 Monaco Paris-Saint Germain Francia 2018 Kylian Mbappé
96%
42 Milan Paris-Saint Germain Brasile 2012 Thiago Silva
88%
63 Manchester United Paris-Saint Germain Argentina 2015 Ángel Di María
83%
50 Inter Paris-Saint Germain Argentina 2020 Mauro Icardi
79%
43 Atletico Madrid Monaco Colombia 2013 Radamel Falcao
75%
45 Porto Monaco Colombia 2013 James Rodriguez
71%
42 Palermo Paris-Saint Germain Argentina 2011 Javier Pastore
71%
36 Wolfsburg Paris-Saint Germain Germania 2017 Julian Draxler
67%
40 Zenit Paris-Saint Germain Argentina 2019 Leandro Paredes
58%
49,50 Chelsea Paris-Saint Germain Brasile 2014 David Luiz
54%
41,50 Porto Paris-Saint Germain Portogallo 2022 Vitinha
54%
32 Sporting Braga Olympique Marsiglia Portogallo 2023 Vitinha
54%
38 Sporting Lisbona Paris-Saint Germain Portogallo 2022 Nuno Mendes
42%
37 Schalke 04 Paris-Saint Germain Germania 2018 Thilo Kehrer
38%
32 Borussia Dortmund Paris-Saint Germain Francia/Senegal 2019 Abdou Diallo
33%
40 San Paolo Paris-Saint Germain Brasile 2013 Lucas Moura
29%
40 Siviglia Monaco Francia 2013 Wissam Ben Yedder
29%
34,50 Real Madrid Paris-Saint Germain Francia 2000 Nicolas Anelka
13%
Nessun quiz corrispondente trovato
Distribuzione punteggi
Percentuale di utenti per punteggio
Percentile per numero di risposta
I tuoi punteggi nel tempo
Non hai fatto questo quiz